| 000 | 01980cam a2200445 i 4500 | ||
|---|---|---|---|
| 001 | 17602559 | ||
| 003 | BJBSDDR | ||
| 005 | 20260420150058.0 | ||
| 007 | ta | ||
| 008 | 130125t2025 nyu 000 1 eng | ||
| 010 | _a 2012462687 | ||
| 020 | _a9780679732259 | ||
| 035 | _a17602559 | ||
| 040 |
_aDLC _beng _cDLC _erda _dDLC |
||
| 041 | _aeng | ||
| 042 | _apcc | ||
| 043 | _an-us-ms | ||
| 050 | 0 | 0 |
_aPS3511.A86 _bF263a 2025 |
| 082 | 0 | 0 |
_a813/.52 _223 |
| 100 | 1 |
_aFaulkner, William, _d1897-1962. _97216 |
|
| 245 | 1 | 0 |
_aAs I lay dying : _bthe corrected text / _cWilliam Faulkner ; introduction by E.L. Doctorow. |
| 250 | _a2012 Modern Library edition. | ||
| 264 | 1 |
_aNew York : _bVintage Books, _c2025 |
|
| 264 | 4 | _c©1930 | |
| 300 |
_a267 pages ; _c21 cm |
||
| 336 |
_atext _2rdacontent |
||
| 337 |
_aunmediated _2rdamedia |
||
| 338 |
_avolume _2rdacarrier |
||
| 520 | _a"As I Lay Dying" follows the Bundren family on a harrowing and darkly comic journey across the Mississippi countryside to bury their matriarch, Addie, in her hometown of Jefferson. Told through a shifting kaleidoscopic lens of 15 different narrators and utilizing a stream-of-consciousness style, the novel explores the internal struggles, secret motivations, and varying levels of grief within the family. As they battle fire, flood, and their own physical and mental decline, the odyssey transforms into a visceral meditation on the nature of existence, the subjectivity of truth, and the complex, often fractured bonds of kinship. | ||
| 650 | 0 |
_aBurial _vFiction. |
|
| 650 | 0 |
_aDeath _vFiction. |
|
| 651 | 0 |
_aMississippi _vFiction. |
|
| 655 | 0 | _aDomestic fiction. | |
| 655 | 7 |
_aFiction. _2lcgft _0https://id.loc.gov/authorities/genreForms/gf2014026339 |
|
| 906 |
_a7 _bcbc _corignew _d2 _encip _f20 _gy-gencatlg |
||
| 942 |
_2lcc _n0 _cBK |
||
| 946 | _irmza | ||
| 999 |
_c126852 _d126852 |
||